Welcome to the Holygrace Academy Library

Please use search bar below to get started

UNTIL AUGUST (Record no. 8737)

MARC details
000 -LEADER
fixed length control field 00336nam a22001457a 4500
020 ## - INTERNATIONAL STANDARD BOOK NUMBER
ISBN 978-0-241-68632-5
082 ## - DEWEY DECIMAL CLASSIFICATION NUMBER
Classification number 823
Item number MAR/U
100 ## - MAIN ENTRY--AUTHOR NAME
Personal name MARQUEZ, GABRIEL GARCIA
245 ## - TITLE STATEMENT
Title UNTIL AUGUST
246 ## - VARYING FORM OF TITLE
Title proper/short title UNTIL AUGUST
Remainder of title UNTIL AUGUST
260 ## - PUBLICATION, DISTRIBUTION, ETC. (IMPRINT)
Place of publication U K
Name of publisher PENGUIN BOOKS
Year of publication 2024
300 ## - PHYSICAL DESCRIPTION
Number of Pages 129
650 ## - SUBJECT ADDED ENTRY--TOPICAL TERM
Topical Term ENGLISH NOVEL
942 ## - ADDED ENTRY ELEMENTS (KOHA)
Koha item type Books
Holdings
Withdrawn status Lost status Collection code Home library Current library Date acquired Source of acquisition Cost, normal purchase price Full call number Accession Number Koha item type
    Fiction Main Library Main Library 06/05/2024 PURCHASED 599.00 823 MAR/U 13650 Books